Studies in Indian sociology: Identity, communit ethnicity, and conflict (Record no. 394718)

MARC details
000 -LEADER
fixed length control field 00536 a2200193 4500
005 - DATE & TIME
control field 20260415143541.0
008 - FIXED-LENGTH DATA ELEMENTS--GENERAL INFORMATION
fixed length control field 260415b |||||||| |||| 00| 0 eng d
020 ## - ISBN
International Standard Book Number 9788131614310
Price Rs. 1795.00
040 ## - CATALOGING SOURCE
Original cataloging agency VIVEKANANDA LIBRARY
082 ## - DDC NUMBER
Classification number 305.8
Book Number J334S
100 ## - MAIN ENTRY--PERSONAL NAME
Personal name Jayaram, N
245 ## - TITLE STATEMENT
Title Studies in Indian sociology: Identity, communit ethnicity, and conflict
260 ## - PUBLICATION, DISTRIBUTION, ETC. (IMPRINT)
Name of publisher, distributor, etc Rawat Publications
Place of publication, distribution, etc Jaipur
Date of publication, distribution, etc 2025
300 ## - PHYSICAL DESCRIPTION
Pages xiii, 283
650 ## - Subject
Subject Sociology
650 ## - Subject
Subject Social Groups
650 ## - Subject
Subject Ethnic-National Groups
942 ## - ADDED ENTRY ELEMENTS (KOHA)
Koha item type Books
Holdings
Withdrawn status Lost status Source of classification or shelving scheme Damaged status Not for loan Location (home branch) Sublocation or collection (holding branch) Shelving location Date acquired Koha issues (times borrowed) Koha full call number Accession No. Koha date last seen Koha item type
    Dewey Decimal Classification     VIVEKANANDA LIBRARY VIVEKANANDA LIBRARY Vivekananda Library 30/03/2026   305.8 J334S 450052 30/03/2026 Books
© Designed and Maintained by Vivekananda Library, MDU Rohtak